| 000 | 00507nam a2200145 i 4500 | ||
|---|---|---|---|
| 001 | 32122 | ||
| 003 | ES-MaACL | ||
| 007 | t| | ||
| 008 | 030221s1900 sp ||||1| spa d | ||
| 245 | 0 | 3 |
_aUn cancionero del siglo XV con varias poesías inéditas / _cpublícalo Francisco R. de Uhagón. |
| 260 |
_aMadrid : _bs.n., _c1900 ( _fViuda e Hijos de Tello) |
||
| 300 |
_a50 p., [1] p. de lám ; _c28 cm. |
||
| 700 | 1 |
_aLaurencín, Francisco Rafael de Uhagón _c, Marqués de. _970617 |
|
| 852 |
_aES-MaACL _jT-995-F-2 |
||
| 999 |
_c32122 _d32122 |
||